| 000 | 00509nam a2200193 a 4500 | ||
|---|---|---|---|
| 001 | 2594 | ||
| 003 | CDMR | ||
| 005 | 20131107163316.0 | ||
| 008 | 130130s1997||||||||||||||||||||||||||||d | ||
| 020 | _a84759654323 | ||
| 024 |
_2DL _aB287661997 |
||
| 040 |
_aCDMR _bcat _cCDMR |
||
| 110 | 2 |
_aAvui (Diari) _9222 |
|
| 245 | 1 | 0 | _aLlibre d'estil del diari Avui |
| 260 |
_aBarcelona _c1997 _bEmpúries |
||
| 610 | 2 |
_9222 _aAvui (Diari) _vManuals d'estil |
|
| 654 |
_93086 _aPeriodisme _cManuals d'estil |
||
| 942 |
_cMON _2udc |
||
| 999 |
_c2594 _d2594 |
||